De la sociedad de naciones a la globalización: visiones desde América y Europa
Guardat en:
| Altres autors: | , |
|---|---|
| Format: | Llibre |
| Idioma: | anglès |
| Publicat: |
Concepción, Chile.
Ediciones UCSC,
2020
|
| Edició: | 1ª edición |
| Matèries: | |
| Etiquetes: |
Afegir etiqueta
Sense etiquetes, Sigues el primer a etiquetar aquest registre!
|
MARC
| LEADER | 00000nam a22000007a 4500 | ||
|---|---|---|---|
| 003 | CL-VaPUC | ||
| 005 | 20220118175221.0 | ||
| 008 | 211129b2020 ||||| |||| 00| 0 eng d | ||
| 999 | |c 434197 |d 434195 | ||
| 020 | |a 978-956-6068-07-5 | ||
| 040 | |c Pontificia Universidad Católica de Valparaíso | ||
| 082 | 7 | |a 327.1 SAM 2020 |2 22 | |
| 100 | 1 | |a Samaniego Boneu, Mercedes |9 611744 |e editor | |
| 245 | 1 | |a De la sociedad de naciones a la globalización: |b visiones desde América y Europa | |
| 250 | |a 1ª edición | ||
| 260 | |a Concepción, Chile. |b Ediciones UCSC, |c 2020 | ||
| 300 | |a 216 páginas | ||
| 500 | |a Donación Profesor Carlos Salinas Araneda memo DER 006 08-11-2021 | ||
| 583 | |c 20211129 |k Sebastián Perez | ||
| 611 | |a V Congreso Internacional Chileno-Hispano |d 2018 |9 865804 | ||
| 650 | 0 | |a Relaciones Internacionales |9 255740 |z América |z Europa | |
| 700 | 1 | |a Medina A., Andrés |e editor |9 864973 | |
| 942 | |2 ddc |c BK | ||
| 952 | |0 0 |1 0 |2 ddc |4 0 |6 327_100000000000000_SAM_2020 |7 0 |8 DER_HDC |9 579405 |a BIBDER |b BIBDER |d 2021-11-29 |e Donación |i 5627524 |o 327.1 SAM 2020 |p 5627524 |r 2023-01-25 |t 1 |w 2021-11-29 |x Ubicación 4to Piso |y BK |z Estos recursos deben solicitarse con anticipación |k DER | ||